Welcome to CU Library Online Public Access Catalogue (OPAC)

Nursing leadership : (Record no. 7984)

MARC details
000 -LEADER
fixed length control field 00991cam a2200265 a 4500
001 - CONTROL NUMBER
control field 2979805
005 - DATE AND TIME OF LATEST TRANSACTION
control field 20251103133209.0
008 - FIXED-LENGTH DATA ELEMENTS--GENERAL INFORMATION
fixed length control field 921116s1993 ilu b 000 0 eng c
020 ## - INTERNATIONAL STANDARD BOOK NUMBER
International Standard Book Number 1556480989
Qualifying information pbk.
020 ## - INTERNATIONAL STANDARD BOOK NUMBER
International Standard Book Number 9781556480980
Qualifying information (pbk.)
050 00 - LIBRARY OF CONGRESS CALL NUMBER
Classification number RT89
Item number .N795 1993
082 00 - DEWEY DECIMAL CLASSIFICATION NUMBER
Classification number 362.1/73/068
Edition information 20
245 00 - TITLE STATEMENT
Title Nursing leadership :
Remainder of title preparing for the 21st century /
Statement of responsibility, etc. American Organization of Nurse Executives ; [Elizabeth Burkhart and Laura Skeggs, content editors].
260 ## - PUBLICATION, DISTRIBUTION, ETC.
Place of publication, distribution, etc. Chicago, IL :
Name of publisher, distributor, etc. American Hospital Pub., Inc.,
Date of publication, distribution, etc. c1993.
300 ## - PHYSICAL DESCRIPTION
Extent x, 140 p. ;
Dimensions 23 cm.
500 ## - GENERAL NOTE
General note "Catalog no. 154152"--T. p. verso.
650 #0 - SUBJECT ADDED ENTRY--TOPICAL TERM
Topical term or geographic name entry element Nursing services
Geographic subdivision United States
General subdivision Administration.
650 #0 - SUBJECT ADDED ENTRY--TOPICAL TERM
Topical term or geographic name entry element Leadership.
650 #2 - SUBJECT ADDED ENTRY--TOPICAL TERM
Topical term or geographic name entry element Leadership
General subdivision nurses' instruction.
650 #2 - SUBJECT ADDED ENTRY--TOPICAL TERM
Topical term or geographic name entry element Nursing
General subdivision organization & administration
Geographic subdivision United States.
700 1# - ADDED ENTRY--PERSONAL NAME
Personal name Burkhart, Elizabeth Ely.
700 1# - ADDED ENTRY--PERSONAL NAME
Personal name Skeggs, Laura.
710 2# - ADDED ENTRY--CORPORATE NAME
Corporate name or jurisdiction name as entry element American Organization of Nurse Executives.
942 ## - ADDED ENTRY ELEMENTS (KOHA)
Source of classification or shelving scheme Library of Congress Classification
Koha item type Books
Suppress in OPAC No
999 ## -
-- 7984
-- 7984
Holdings
Withdrawn status Lost status Source of classification or shelving scheme Damaged status Not for loan Collection Home library Current library Shelving location Date acquired Total checkouts Full call number Barcode Date last seen Copy number Price effective from Koha item type
    Library of Congress Classification     Non-fiction Science Library (Miotso) Science Library (Miotso) General stacks 11/03/2025   RT89 .N795 NUR SLM00005122 11/03/2025 1 11/03/2025 Books
© 2023-2024 Copyright: Central University Libraries. All Rights Reserved | Created by: Mahone Tech Office